| 000 | 00906cam a2200289 a 4500 | ||
|---|---|---|---|
| 008 | |||
| 020 | _a0192616501 (hbk.) | ||
| 049 | _aMAIN | ||
| 090 | _aRC86.8 HAR | ||
| 100 | 1 | _aHardy, R. H. | |
| 245 | 1 | 0 |
_aAccidents and emergencies : _ba practical handbook for personal use / _cR.H. Hardy. |
| 250 | _a5th ed. | ||
| 260 |
_aOxford : _bOxford University Press, _c1987. |
||
| 300 |
_axvi, 395 p. : _bill. ; _c18 cm. |
||
| 440 | 0 | _aOxford medical publications | |
| 504 | _aIncludes bibliographical references. | ||
| 500 | _aIncludes index. | ||
| 650 | 0 |
_aEmergency medicine _vHandbooks, manuals, etc. |
|
| 650 | 0 |
_aAccidents _vHandbooks, manuals, etc. |
|
| 650 | 2 |
_aAccidents _vhandbooks. |
|
| 700 | 1 | _aBache, John B. | |
| 907 |
_a.b10006151 _b26-01-07 _c17-04-03 |
||
| 003 | |||
| 005 | 20230120203902.0 | ||
| 040 | _cNUST | ||
| 942 |
_cBOOKS _kRC86.8 HAR |
||
| 999 |
_c113237 _d113237 |
||